Les thermidoriens - Le Directoire (notice n° 1925768)

détails MARC
000 -LEADER
fixed length control field 01208cam a2200133 4500500
005 - DATE AND TIME OF LATEST TRANSACTION
control field 20260329023239.0
041 ## - LANGUAGE CODE
Language code of text/sound track or separate title fre
042 ## - AUTHENTICATION CODE
Authentication code dc
100 10 - MAIN ENTRY--PERSONAL NAME
Personal name Lefebvre, Georges
Relator term author
245 00 - TITLE STATEMENT
Title Les thermidoriens - Le Directoire
260 ## - PUBLICATION, DISTRIBUTION, ETC.
Name of publisher, distributor, etc. Armand Colin,<br/>
Date of publication, distribution, etc. 2016.<br/>
520 ## - SUMMARY, ETC.
Summary, etc. Les Thermidoriens et Le Directoire, ces deux synthèses magistrales de l’historien Georges Lefebvre (1874-1959), illustrent l’importance de celui qui a marqué l’historiographie de la période révolutionnaire. Après sa célèbre étude sur La Grande Peur de 1789, il poursuit son œuvre avec les temps postrévolutionnaires. Georges Lefebvre renoue ici avec le récit historien érudit et chronologique classique. Mais parce qu’il renouvelle vigoureusement la présentation de cette deuxième partie de la Révolution, trop souvent négligée, ces textes fondateurs demeurent toujours d’actualité. Texte présenté par Jean-Clément Martin, Professeur émérite à l’Université Paris 1- Panthéon Sorbonne, ancien directeur de l’Institut d’Histoire de la Révolution française.
856 41 - ELECTRONIC LOCATION AND ACCESS
Uniform Resource Identifier <a href="https://shs.cairn.info/les-thermidoriens-le-directoire--9782200613709?lang=fr&redirect-ssocas=7080">https://shs.cairn.info/les-thermidoriens-le-directoire--9782200613709?lang=fr&redirect-ssocas=7080</a>

Pas d'exemplaire disponible.

PLUDOC

PLUDOC est la plateforme unique et centralisée de gestion des bibliothèques physiques et numériques de Guinée administré par le CEDUST. Elle est la plus grande base de données de ressources documentaires pour les Étudiants, Enseignants chercheurs et Chercheurs de Guinée.

Adresse

627 919 101/664 919 101

25 boulevard du commerce
Kaloum, Conakry, Guinée

Réseaux sociaux

Powered by Netsen Group @ 2025